• 首页
  • 本馆介绍
  • 公告通知
  • 最新文献
  • 馆藏检索
  • 电子资源
  • 读者导购
  • 参考咨询
  • 我的图书馆
  • 登录
  • 详细信息显示
  • 放入我的书架
  • 预约/预借图书
  • 作者相关作品
  • 分类相关作品
  • 丛书相关作品
  • 出版社相关作品

书目信息

  • 表格格式
  • 工作单格式
  • 卡片格式
题名:
资产阶级政治经济学史
    
 
作者: 施托贝尔格 著 ;吴衡康 译
分册:  
出版信息: 北京   商务印书馆  1979
页数: 282页
开本: 20cm
丛书名:
单 册:
中图分类: F08
科图分类:
主题词: 经济学
电子资源:
ISBN:
000 00660nam0 2200229 45
001 0179009165
005 20060802103530.37
010    @dCNY0.85
091    @a4017.63
100    @a19950915d1979 em y0chiy0121 ea
101 1  @achi@cger
102    @aCN@b110000
105    @ay z 000yy
200 10 @a资产阶级政治经济学史@Azi chan jie ji zheng zhi jing ji xue shi@f(德)鲁德哈德·施托贝尔格著@g吴衡康等译
210    @a北京@c商务印书馆@d1979
215    @a282页@d20cm
606 0  @a经济学
690    @aF08
701  1 @a施托贝尔格@Ashi tuo bei er ge@b鲁德哈德@4著
702  0 @a吴衡康@Awu heng kang@4译
801  0 @aCN@bNLC@c20060802
905    @f1@b22540@dF08@e40
    
    资产阶级政治经济学史/(德)鲁德哈德·施托贝尔格著/吴衡康等译.-北京:商务印书馆,1979
    282页;20cm
    
    
    ISBN :CNY0.85
    
●
相关链接 在E读中查询图书 在五车中查询图书 在当当中查询图书 在豆瓣中查询图书


正题名:资产阶级政治经济学史     索取号:F08/40         预约/预借

序号 登录号 条形码 馆藏地/架位号 状态 备注
1 0022540   001927151   密集书库/ [索取号:F08/40] 在馆    
2 0074166   000194248   第一样本阅览室/ [索取号:F08/40] 在馆    
3 0441146   204411467   密集书库/ [索取号:F08/40] 在馆    
唐山师范学院图书馆 欢迎您!
大连网信软件有限公司© 版权所有